000 00700nam a22001817a 4500
999 _c186185
_d186185
005 20220216105651.0
010 _aENG-131616
020 _a9788190995054
_c995.00
035 _aEN-115148
037 _bDBAD
082 _a160
100 _aVarghese, Mathew
245 _aNagarjuna and The Art of Negation:
_bDiscerning Subjectivity, Emptiness, Transcendental Ethics, Terralemma Logic, Binary Logic, Self-Being and Negations/
_cMathew Varghese
260 _aNew Delhi
_bVikram Jain
_c2020
270 _a68, Medical Association Road, Darya Ganj
_bNew Delhi
_e110002
_mvikramjain@sanctumbooks.com
300 _axv, 255p.
_bBibliography, Index
_c22cm(hbk)
942 _2ddc
_cEN
_h160
_mVAR